01948nam a22003494a 4500001001200000003000800012006001900020007001500039008004100054010001700095020001500112040002100127035002100148050002700169082001900196100002000215245017700235260004700412300002300459504005100482505056400533533015201097650002301249650003401272650004301306650002901349655002901378700002301407700002501430710001701455856012601472ebr10265272CaPaEBRm u cr cn|||||||||040213s2004 nyua sb 001 0 eng  z 2004003611 z082612285X aCaPaEBRcCaPaEBR a(OCoLC)29872054814aRC489.C63bN497 2004eb04a616.89/1422221 aNezu, Arthur M.10aCognitive-behavioral case formulation to treatment designh[electronic resource] :ba problem-solving approach /cArthur M. Nezu, Christine Maguth Nezu, Elizabeth Lombardo. aNew York, NY :bSpringer Pub. Co.,cc2004. aix, 292 p. :bill. aIncludes bibliographical references and index.0 aOne size does not fit all : the cognitive-behavior therapist as problem solver -- Applying the problem-solving model to cognitive-behavioral case formulation -- Applying the problem-solving model to cognitive-behavioral treatment design -- How to use this outpatient treatment guidebook -- Depression -- Specific phobia -- Panic disorder and agoraphobia -- Generalized anxiety -- Social anxiety -- Obsessive-compulsive disorder -- Posttraumatic stress disorder -- Borderline personality disorder -- Male erectile disorder -- Couple distress -- Anger problems. aElectronic reproduction.bPalo Alto, Calif. :cebrary,d2013.nAvailable via World Wide Web.nAccess may be limited to ebrary affiliated libraries. 0aCognitive therapy. 0aPsychiatryxCase formulation. 0aPsychiatryxDifferential therapeutics. 0aProblem-solving therapy. 7aElectronic books.2local1 aNezu, Christine M.1 aLombardo, Elizabeth.2 aebrary, Inc.40uhttp://site.ebrary.com/lib/rucke/Doc?id=10265272zAn electronic book accessible through the World Wide Web; click to view